Medzinárodné účtovníctvo

Bibliographic Details
Main Authors: Šuranová, Zuzana, 1958- (Author), Škoda, Miroslav, 1977- (Author)
Format: Book
Language:Slovak
PhysicalDescription:197 s. sch., tab. 25 cm
Published: Banská Bystrica Univerzita Mateja Bela 2007
ISBN:9788080834388
Edition:1. vyd.
Series:Eruditio mores futurum
Subjects:

MARC

LEADER 00000nam a2200000 a 4500
001 vtls009147222
003 SK-MaSNL
005 20260301170517.0
008 160610s2007 xo l d p 000 0 slo
015 |a SNBA2007/11-05214 
020 |a 9788080834388  |q (brož.) 
035 |a A777F495-5A48-4090-93B6-249A49124FA5 
035 |a urn:nbn:sk:snk-aml5tr 
035 |a urn:nbn:sk:snk-am008v9y 
040 |a SNK  |b slo  |c SNK  |e AACR2 
041 0 |a slo 
043 |a e-xo--- 
044 |a xo  |c SK 
072 7 |a 657  |x Účtovníctvo  |2 konspekt 
080 |a 657:006.322  |2 2001 
080 |a 657  |2 2001 
080 |a (075.8)  |2 2001 
080 |a (4)  |2 2001 
100 1 |a Šuranová, Zuzana,  |d 1958-  |4 aut  |9 11646 
245 1 0 |a Medzinárodné účtovníctvo  |c Zuzana Šuranová, Miroslav Škoda 
250 |a 1. vyd. 
260 |a Banská Bystrica  |b Univerzita Mateja Bela  |c 2007 
300 |a 197 s.  |b sch., tab.  |c 25 cm 
366 |e 300 výt. 
490 1 |a Eruditio mores futurum 
500 |a Vyd. v spolupráci s OZ Ekonómia 
504 |a Bibliogr. s. 189-195 
650 0 7 |a medzinárodné účtovné štandardy  |2 SNKPH  |9 70134 
650 0 7 |a účtovníctvo  |2 SNKPH  |9 649 
650 0 7 |a International accounting standards  |2 SNKPHeng  |9 323342 
650 0 7 |a Accounting  |2 SNKPHeng  |9 266872 
650 0 7 |a Accounting  |z European Union countries  |2 SNKPHeng  |9 536830 
655 7 |a učebnice vysokých škôl  |2 SNKPH  |9 70191 
655 7 |a Textbooks (higher)  |2 SNKPHeng  |9 276436 
700 1 |a Škoda, Miroslav,  |d 1977-  |4 aut  |9 207403 
810 2 |a Univerzita Mateja Bela v Banskej Bystrici.  |b Ekonomická fakulta  |t Eruditio mores futurum  |9 174120 
919 |a 978-80-8083-438-8 
958 |a NB 
958 |a OND 
968 |d 65 
999 |c 827828  |d 829758 
952 |a SNK  |b SNK  |y PREZ  |7 0  |p 17A0564427  |o snkSC 129345  |i snk2007/21708  |8 0  |0 0  |1 0  |4 0  |d 2007-10-08  |f 1  |l 0  |r 2025-06-18 00:00:00  |w 2026-02-24 
952 |a SNK  |b SNK  |y VYP  |7 0  |p 17A0564428  |o snkSC 129345 D1  |i snk2007/21709  |8 0  |0 0  |1 0  |4 0  |d 2007-10-08  |l 0  |r 2026-02-24 03:27:18  |w 2026-02-24